LEADER 06907oam 22011174 450 001 9910788233703321 005 20230721045641.0 010 $a1-4623-1946-7 010 $a1-4527-7329-7 010 $a9786612841910 010 $a1-282-84191-2 010 $a1-4518-7098-1 035 $a(CKB)3170000000055073 035 $a(EBL)1607946 035 $a(SSID)ssj0000944151 035 $a(PQKBManifestationID)11597307 035 $a(PQKBTitleCode)TC0000944151 035 $a(PQKBWorkID)10982503 035 $a(PQKB)10509079 035 $a(OCoLC)457179979 035 $a(MiAaPQ)EBC1607946 035 $a(IMF)WPIEE2008240 035 $a(EXLCZ)993170000000055073 100 $a20020129d2008 uf 0 101 0 $aeng 135 $aur|n|---||||| 181 $ctxt 182 $cc 183 $acr 200 10$aInternational Competitiveness of the Mediterranean Quartet : $eA Heterogeneous-Product Approach /$fHerman Bennett, Ziga Zarnic 210 1$aWashington, D.C. :$cInternational Monetary Fund,$d2008. 215 $a1 online resource (37 p.) 225 1 $aIMF Working Papers 225 0$aIMF working paper ;$vWP/08/240 300 $aDescription based upon print version of record. 311 $a1-4519-1551-9 320 $aIncludes bibliographical references. 327 $aContents; I. Introduction; II. Methodology; A. A Generic Approach to Aggregate Relative Cost Competitiveness; B. Global Goods, Local Consumption of Local Production, RPA, and Aggregated Cost Measures; III. Data; A. Goods and Services; B. Global Goods; IV. Results; A. The Effect of the Heterogeneous-Product Approach and Services; B. Differentiated ULC by Sector; V. The Profile of International Competitors; A. Goods; B. Services; VI. Conclusion; Figures; 1. Real Appreciation in the MQ vs. the Rest of the Euro Area, 1998-2006 327 $a2. Importance of China and Germany as Competitors of the MQ in High-Tech and Low-Tech Sectors in Goods, 1998-2005Tables; 1. Literature Overview; 2. ULC-Based REER Indices, Goods, 1998-2006: Heterogeneous-Product Approach (G) and Representative-Product Approach (1G); 3. Net Appreciation Differential Since 1998: Marginal Effect of Heterogeneous-Product Approach (G vs. 1G); 4. Net Appreciation Differential Since 1998: Robustness Check 1 (1G vs. IMF); 5. Net Appreciation Differential Since 1998: Marginal Effect of Extended Sample (G vs. G27) 327 $a6. Net Appreciation Differential Since 1998: Marginal Effect of Domestic Market Competition (G vs. GDM)7. The Structure of Competitors: Heterogeneous- vs. Representative-Product Approach (?) and vs. Partners Approach (?p); 8. ULC-Based REER Indices, Services, 1998-2006: Services Heterogeneous-Product Approach (S); 9. Net Appreciation Differential Since 1998: Difference Between Services and Goods (S vs. G); 10. ULC-Based REER Indices, Goods and Services, 1998-2006: A Heterogeneous-Product Approach (GS) 327 $a11. Net Appreciation Differential Since 1998: Joint Marginal Effect of the Heterogeneous- Product Approach, Including Services (GS vs. 1G)12. Net Appreciation Differential Since 1998: Marginal Effect of Differentiated ULC (Gd vs G); 13. Structure of Competitors: Goods; 14. Structure of Competitors in High-Tech and Low-Tech Sectors in 2005; 15. Structure of Competitors: Services; 16. Main Competitors in 2005: Goods; 17. Main Competitors in 2004: Services; Appendix Tables; A1. Availability of Unit Labor Cost Data; A2. Classification of Global Goods; References 330 3 $aThe real effective exchange rate (REER) is the most commonly used measure for assessing international competitiveness. We develop a methodology to estimate the REER that incorporates two distinctive elements that are not considered in the current literature and apply it to the Mediterranean Quartet (MQ) of Greece, Italy, Portugal, and Spain, whose common pattern of real appreciation has created concern in policy and academic circles. The two elements that we add to the existing literature are (i) product heterogeneity when identifying each country's international competitors and their weights and (ii) a comprehensive treatment of services exports. Our refined measure suggests a modest reduction in the observed REER gap between the MQ countries and the other euro area countries. In particular, considering product heterogeneity and services exports implies a lower real appreciation from 1998 to 2006 on the order of 2-3 percent for all MQ countries. These are difference-in-difference estimates relative to the results obtained for the rest of the euro area countries using the same methodology. 410 0$aIMF Working Papers; Working Paper ;$vNo. 2008/240 606 $aCompetition$zGreece$xEconometric models 606 $aCompetition$zItaly$xEconometric models 606 $aCompetition$zPortugal$xEconometric models 606 $aCompetition$zSpain$xEconometric models 606 $aForeign exchange rates$zGreece$xEconometric models 606 $aExports and Imports$2imf 606 $aFinance: General$2imf 606 $aForeign Exchange$2imf 606 $aIndustries: Manufacturing$2imf 606 $aTrade: General$2imf 606 $aGeneral Financial Markets: General (includes Measurement and Data)$2imf 606 $aIndustry Studies: Manufacturing: General$2imf 606 $aCurrency$2imf 606 $aForeign exchange$2imf 606 $aInternational economics$2imf 606 $aFinance$2imf 606 $aManufacturing industries$2imf 606 $aReal effective exchange rates$2imf 606 $aCompetition$2imf 606 $aManufacturing$2imf 606 $aExports$2imf 606 $aService exports$2imf 607 $aSpain$2imf 615 0$aCompetition$xEconometric models. 615 0$aCompetition$xEconometric models. 615 0$aCompetition$xEconometric models. 615 0$aCompetition$xEconometric models. 615 0$aForeign exchange rates$xEconometric models. 615 7$aExports and Imports 615 7$aFinance: General 615 7$aForeign Exchange 615 7$aIndustries: Manufacturing 615 7$aTrade: General 615 7$aGeneral Financial Markets: General (includes Measurement and Data) 615 7$aIndustry Studies: Manufacturing: General 615 7$aCurrency 615 7$aForeign exchange 615 7$aInternational economics 615 7$aFinance 615 7$aManufacturing industries 615 7$aReal effective exchange rates 615 7$aCompetition 615 7$aManufacturing 615 7$aExports 615 7$aService exports 676 $a338.5 700 $aBennett$b Herman$01463963 701 $aZarnic$b Ziga$01485175 801 0$bDcWaIMF 906 $aBOOK 912 $a9910788233703321 996 $aInternational Competitiveness of the Mediterranean Quartet$93704166 997 $aUNINA LEADER 02795nam 22006015 450 001 9910739449003321 005 20260327101807.0 010 $a3-031-28428-3 024 7 $a10.1007/978-3-031-28428-1 035 $a(MiAaPQ)EBC30713768 035 $a(Au-PeEL)EBL30713768 035 $a(DE-He213)978-3-031-28428-1 035 $a(PPN)272271330 035 $a(CKB)28005036600041 035 $a(OCoLC)1395077376 035 $a(EXLCZ)9928005036600041 100 $a20230819d2023 u| 0 101 0 $aeng 135 $aurcnu|||||||| 181 $ctxt$2rdacontent 182 $cc$2rdamedia 183 $acr$2rdacarrier 200 12$aA Guide to Penrose Tilings /$fby Francesco D'Andrea 205 $a1st ed. 2023. 210 1$aCham :$cSpringer Nature Switzerland :$cImprint: Springer,$d2023. 215 $a1 online resource (203 pages) 225 1 $aMathematics and Statistics Series 311 08$aPrint version: D'Andrea, Francesco A Guide to Penrose Tilings Cham : Springer,c2023 9783031284274 327 $aIntroduction -- Tilings and puzzles -- Robinson triangles -- Penrose tilings -- De Bruijn?s pentagrids -- The noncommutative space of Penrose tilings.-Some useful formulas. 330 $aThis book provides an elementary introduction, complete with detailed proofs, to the celebrated tilings of the plane discovered by Sir Roger Penrose in the '70s. Quasi-periodic tilings of the plane, of which Penrose tilings are the most famous example, started as recreational mathematics and soon attracted the interest of scientists for their possible application in the description of quasi-crystals. The purpose of this survey, illustrated with more than 200 figures, is to introduce the curious reader to this beautiful topic and be a reference for some proofs that are not easy to find in the literature. The volume covers many aspects of Penrose tilings, including the study, from the point of view of Connes' Noncommutative Geometry, of the space parameterizing these tilings. 410 0$aMathematics and Statistics Series 606 $aConvex geometry 606 $aDiscrete geometry 606 $aGeometry, Algebraic 606 $aConvex and Discrete Geometry 606 $aAlgebraic Geometry 606 $aMosaics (Matemātica)$2thub 608 $aLlibres electrōnics$2thub 615 0$aConvex geometry. 615 0$aDiscrete geometry. 615 0$aGeometry, Algebraic. 615 14$aConvex and Discrete Geometry. 615 24$aAlgebraic Geometry. 615 7$aMosaics (Matemātica) 676 $a516.132 700 $aD'Andrea$b Francesco$0545861 801 0$bMiAaPQ 801 1$bMiAaPQ 801 2$bMiAaPQ 906 $aBOOK 912 $a9910739449003321 996 $aA Guide to Penrose Tilings$93553881 997 $aUNINA